Volver a los medios : de la crítica a la ética /

محفوظ في:
التفاصيل البيبلوغرافية
المؤلف الرئيسي: Trejo Delarbre, Raúl (autor)
التنسيق: كتاب
اللغة:الإسبانية
منشور في: México : Cal y Arena, 1997, c1997
سلاسل:(Los Libros de la Condesa)
الموضوعات:
الوسوم: إضافة وسم
لا توجد وسوم, كن أول من يضع وسما على هذه التسجيلة!

MARC

LEADER 00000nam^a2200000^a^4500
001 000047687
005 20250521000000.0
009 20260310090101.69
020 |a 968-493-304-5 
037 |a Acervo ITESO - Biblioteca 
041 |a ESP 
082 |a 302. 23  |b TRE 
100 |a Trejo Delarbre, Raúl  |e (autor) 
245 1 0 |a Volver a los medios :  |b de la crítica a la ética /  |c R. Trejo Delarbre. 
264 4 |a México :  |b Cal y Arena,  |c 1997, c1997 
300 |a 389 p. 
336 |a texto  |b txt  |2 rdacontenido 
337 |a sin mediación  |b n  |2 rdamedio 
338 |a volumen  |b nc  |2 rdasoporte 
440 5 |a (Los Libros de la Condesa) 
649 |a XX 
650 |a Medios de Comunicación -  |x Aspectos Eticos 
650 |a Mediación de la Comunicación 
650 |a Negociación y Mediación 
650 |a Comunicación Masiva 
910 |a Fondo General 
920 |a Impresos - Libros 
930 |a Colección General 
905 |a 101 
901 |a 0500008033  |b IT1  |c ACC  |u 20250521 
902 |a https://opac.biblio.iteso.mx/vufind/Record/000047687